Historia de la conquista de México, población y progresos de la América septentrional, conocida por el nombre de Nueva España. (Record no. 10777)

MARC details
000 -CABECERA
campo de control de longitud fija 01093nam a22002177a 4500
003 - IDENTIFICADOR DEL NÚMERO DE CONTROL
campo de control FranzMayer
005 - FECHA Y HORA DE LA ÚLTIMA TRANSACCIÓN
campo de control 20190827165444.0
008 - DATOS DE LONGITUD FIJA--INFORMACIÓN GENERAL
campo de control de longitud fija 190823b ||||| |||| 00| 0 eng d
040 ## - FUENTE DE LA CATALOGACIÓN
Centro/agencia transcriptor Franz
050 ## - SIGNATURA TOPOGRÁFICA DE LA BIBLIOTECA DEL CONGRESO
Número de clasificación F1230
Número de documento/Ítem .S65 1732
100 ## - ENTRADA PRINCIPAL--NOMBRE DE PERSONA
Nombre de persona Solís y Rivadeneyra, Antonio de
9 (RLIN) 21538
Fechas asociadas al nombre 1610-1686
245 ## - MENCIÓN DE TÍTULO
Título Historia de la conquista de México, población y progresos de la América septentrional, conocida por el nombre de Nueva España.
Mención de responsabilidad, etc. escriviala D. Antonio de Solis; dedicada al muy ilustre señor Don Andres Gonzalez de Barcia.
260 ## - PUBLICACIÓN, DISTRIBUCIÓN, ETC.
Lugar de publicación, distribución, etc. Madrid
Nombre del editor, distribuidor, etc. Imprenta de Bernardo Peralta
Fecha de publicación, distribución, etc. 1732
300 ## - DESCRIPCIÓN FÍSICA
Extensión [22], 349 p., [15]
Dimensiones 29 x 20.5 cm.
500 ## - NOTA GENERAL
Nota general Incluye índice de los capítulos que contienen los cinco libros de esta historia e índice de las cosas notables, que se contienen en este libro
500 ## - NOTA GENERAL
Nota general Estado físico: en mal estado, se encuentra en el Área de Restauración. Encuadernación en pergamino
650 ## - PUNTO DE ACCESO ADICIONAL DE MATERIA--TÉRMINO DE MATERIA
Término de materia o nombre geográfico como elemento de entrada Conquista de México
9 (RLIN) 28338
651 ## - PUNTO DE ACCESO ADICIONAL DE MATERIA--NOMBRE GEOGRÁFICO
Nombre geográfico México
Subdivisión general Historia
-- Conquista, 1519-1540
9 (RLIN) 614
700 ## - PUNTO DE ACCESO ADICIONAL--NOMBRE DE PERSONA
Nombre de persona Gonzalez de Barcia, Andres
9 (RLIN) 28339
942 ## - ELEMENTOS DE PUNTO DE ACCESO ADICIONAL (KOHA)
Fuente del sistema de clasificación o colocación Library of Congress Classification
Tipo de ítem Koha Libros
Holdings
Estado de retiro Estado de pérdida Fuente del sistema de clasificación o colocación Estado dañado No para préstamo Código de colección Localización permanente Ubicación/localización actual Fecha de adquisición Número de inventario Total de préstamos Signatura topográfica completa Código de barras Fecha visto por última vez Precio válido a partir de Tipo de ítem Koha
El ejemplar forma parte de la colección y puede ser consultado según las políticas vigentes.   Library of Congress Classification     Conventual Franz Mayer Biblioteca del Museo Franz Mayer (Rogerio Casas-Alatriste) Biblioteca del Museo Franz Mayer (Rogerio Casas-Alatriste) 27/08/2019 LM-34   F1230 .S65 1732 CFM00490 27/08/2019 27/08/2019 Libros